| Tag |
First Indicator |
Second Indicator |
Subfields |
| LEADER |
00000cam a2200000Ia 4500 |
| 001 |
in00002784887 |
| 005 |
20210728125005.0 |
| 006 |
m o d |
| 007 |
cr cnu---unuuu |
| 008 |
100824s2010 caua ob 001 0 eng d |
| 019 |
|
|
|a 656359123
|
| 020 |
|
|
|a 0470875437 (electronic bk.)
|
| 020 |
|
|
|a 111826939X (electronic bk.)
|
| 020 |
|
|
|a 9780470875438 (electronic bk.)
|
| 020 |
|
|
|a 9781118269398 (electronic bk.)
|
| 020 |
|
|
|z 0470615060
|
| 020 |
|
|
|z 0470615060 (hardback)
|
| 020 |
|
|
|z 9780470615065
|
| 020 |
|
|
|z 9780470615065 (hardback)
|
| 024 |
8 |
|
|a 9786612653964
|
| 035 |
|
|
|a (OCoLC)657628002
|z (OCoLC)656359123
|
| 035 |
|
|
|a (OCoLC)ocn657628002
|
| 035 |
|
|
|a 4038608
|
| 037 |
|
|
|a 265396
|b MIL
|
| 040 |
|
|
|a N$T
|b eng
|c N$T
|d N$T
|d CDX
|d TEFOD
|d OCLCQ
|d DG1
|d OCLCQ
|d TXA
|d UtOrBLW
|
| 043 |
|
|
|a n-us---
|
| 049 |
|
|
|a TXAM
|
| 050 |
|
4 |
|a LB2822.82
|b .C434 2010eb
|
| 072 |
|
7 |
|a EDU
|x 001000
|2 bisacsh
|
| 082 |
0 |
4 |
|a 371.2/090973
|2 22
|
| 100 |
1 |
|
|a Chen, Milton.
|0 http://id.loc.gov/authorities/names/n84004292
|
| 245 |
1 |
0 |
|a Education nation :
|b six leading edges of innovation in our schools /
|c Milton Chen ; foreword by George Lucas.
|
| 264 |
|
1 |
|a San Francisco :
|b Jossey-Bass,
|c [2010]
|
| 264 |
|
4 |
|c ©2010
|
| 300 |
|
|
|a 1 online resource (xxii, 296 pages) :
|b illustrations
|
| 336 |
|
|
|a text
|b txt
|2 rdacontent
|
| 337 |
|
|
|a computer
|b c
|2 rdamedia
|
| 338 |
|
|
|a online resource
|b cr
|2 rdacarrier
|
| 500 |
|
|
|a Electronic resource.
|
| 504 |
|
|
|a Includes bibliographical references and index.
|
| 520 |
|
|
|a "In Education Nation author Milton Chen draws from extensive experience in media--from his work on Sesame Street in its nascent years to his current role as executive director of the George Lucas Educational Foundation--to support his vision for a new world of learning. Presented in five parts and divided into "module" chapters, this book examines the ways in which K-12 learning can be revolutionized through innovative reform and the use of technology. Due in large part to new technologies, over the last few decades we've witnessed a huge shift in how we imagine teaching and learning. A good example is the educational revolution sparked by Sesame Street--which in its first season had a goal of teaching preschool-age children the numbers 1 to 10. At the time, experts dismissed it as an unrealistic goal since many kindergarten students were having trouble mastering this simple counting. Yet the research proved that preschool-age children learned those skills and many others directly from the TV screen. Now Sesame Street's curriculum teaches the numbers from 1 to 40. In today's digital age the number of new ways to teach and learn is ever-expanding and includes: television, Google, YouTube, TeacherTube, Facebook, iPhones, video games, GPS devices, open source textbooks, interactive whiteboards; and there are countless examples of ways technology positively impacts student learning--from voice-recognition software that helps children learn to read to translation tools that help teachers communicate with non-English speaking parents. As a result of constant innovation, learning is no longer limited by traditional confines and we're quickly moving beyond students tied to their chairs, desks, and textbooks--and teachers locked away in classrooms."--
|c Provided by publisher.
|
| 588 |
|
|
|a Description based on print version record.
|
| 650 |
|
0 |
|a Educational innovations
|z United States.
|0 http://id.loc.gov/authorities/subjects/sh2008102487
|
| 650 |
|
0 |
|a Educational technology
|z United States.
|0 http://id.loc.gov/authorities/subjects/sh2009101971
|
| 650 |
|
0 |
|a School improvement programs
|z United States.
|0 http://id.loc.gov/authorities/subjects/sh2008111248
|
| 650 |
|
7 |
|a EDUCATION
|x Administration
|x General.
|2 bisacsh
|
| 655 |
|
7 |
|a Electronic books.
|2 local
|
| 776 |
0 |
8 |
|i Print version:
|a Chen, Milton.
|t Education nation.
|d San Francisco : Jossey-Bass, c2010
|z 9780470615065
|w (DLC) 2010011067
|w (OCoLC)495780829
|
| 830 |
|
0 |
|a Wiley Online Library.
|
| 856 |
4 |
0 |
|u http://proxy.library.tamu.edu/login?url=https://dx.doi.org/10.1002/9781118269398
|z Connect to the full text of this electronic book
|t 0
|
| 948 |
|
|
|a cataloged
|b h
|c 2012/12/14
|d c
|e jlanham
|f 1:03:30 pm
|
| 994 |
|
|
|a C0
|b TXA
|
| 999 |
|
|
|a MARS
|
| 999 |
f |
f |
|s a2f65692-19ae-3ba8-9985-c3b3a45fa858
|i e8dd824e-9919-3761-abe2-7e68cfd0d997
|t 0
|
| 952 |
f |
f |
|a Texas A&M University
|b College Station
|c Electronic Resources
|d Available Online
|t 0
|e LB2822.82 .C434 2010eb
|h Library of Congress classification
|
| 998 |
f |
f |
|a LB2822.82 .C434 2010eb
|t 0
|l Available Online
|